Statistics for Lisa Kudrow Filmography

Click here to take the quiz!

General Stats

  • This quiz has been taken 31 times
    (6 since last reset)
  • The average score is 25 of 111

Answer Stats

TypeYearName% Correct
TV Show1994-2004Friends
100%
TV Show2010Cougar Town
67%
TV Show1992-1999Mad About You
67%
TV Show1995, 1996Saturday Night Live
67%
TV Show1998The Simpsons
67%
Film2002Analyze That
50%
Film1999Analyze This
50%
Web Special2021Friends: The Reunion
50%
Web Series2018Grace and Frankie
50%
Film2000Hanging Up
50%
Film2000Lucky Numbers
50%
Film2007P.S. I Love You
50%
Film2022Better Nate Than Ever
33%
TV Show1998-1999Disney's Hercules: The Animated Series
33%
Film2010Easy A
33%
Music Video1995I'll Be There for You
33%
Film2003Marci X
33%
Film1996Mother
33%
Film2014Neighbors
33%
Film2016Neighbors 2: Sorority Rising
33%
Film1997Romy and Michele's High School Reunion
33%
TV Show2013Scandal
33%
TV Show2005, 2014The Comeback
33%
Film1998The Opposite of Sex
33%
Film2003Wonderland
33%
TV Show2018-202125 Words or Less
17%
TV Show2011Allen Gregory
17%
Film2001All Over the Guy
17%
Film1986America 3000
17%
TV Show2006American Dad!
17%
TV Show2016Angie Tribeca
17%
Commercial2001Aquafina
17%
TV Documentary2012Arts and the Mind
17%
Film2009Bandslam
17%
Film2002Bark!
17%
TV Show2001Blue's Clues
17%
TV Show1993Bob
17%
Web Series2015BoJack Horseman
17%
Film2019Booksmart
17%
Film2017Boss Baby
17%
TV PilotTBABright Futures
17%
TV Show2022Celebrity IOU
17%
TV Show1989Cheers
17%
Film1997Clockwatchers
17%
TV Film1990Close Encounters
17%
TV Show1993, 1994Coach
17%
Film1992Dance with Death
17%
Web Special2020Death to 2020
17%
Film2001Dr. Dolittle 2
17%
TV Show1997Dr. Katz, Professional Therapist
17%
TV Show1996Duckman: Private Dick/Family Man
17%
Film2016El Americano: The Movie
17%
TV Show2004, 2005Father of the Pride
17%
TV Show2020-2021Feel Good
17%
TV Show1993Flying Blind
17%
TV Film2019Ghosting: The Spirit of Christmas
17%
TV Film2020Good People
17%
Film2005Happy Endings
17%
Documentary Series2021History of the Sitcom
17%
TV Show1996Hope & Gloria
17%
TV Show2005Hopeless Pictures
17%
Film2009Hotel for Dogs
17%
TV Show2021-PresentHouseBroken
17%
Web Series2019Human Discoveries
17%
Film1992In the Heat of Passion
17%
Film1994In the Heat of Passion II: Unfaithful
17%
Podcast2021Jack and Lou A Gangster Love Story
17%
TV Film1989Just Temporary
17%
Film2007Kabluey
17%
TV Show2001King of the Hill
17%
Film1989L.A. on $5 a Day
17%
TV Show1990Life Goes On
17%
TV Show1990Lifestories
17%
Film2020Like a Boss
17%
Film2019Long Shot
17%
Short Film2018Lovesick Fool - Love in the Age of Like
17%
TV Pilot1989Married to the Mob
17%
TV Film1991Murder in High Places
17%
TV Special2016Must See TV: A Tribute to James Burrows
17%
TV Show1990Newhart
17%
TV Film1983Overdrawn at the Memory Bank
17%
Film2009Paper Man
17%
TV Show2022Rick and Morty
17%
TV Show1992Room for Two
17%
TV Show2017RuPaul's Drag Race
17%
Audiobook2006Secret Confessions of the Applewood PTA
17%
Web Series2020-2022Space Force
17%
Film2017Table 19
17%
Film2021The Boss Baby: Family Business
17%
Film1995The Crazysitter
17%
Film2016The Girl on the Train
17%
TV Show2020The Good Place
17%
Film2009The Other Woman
17%
FilmTBAThe Parenting
17%
Film1991The Unborn
17%
Web SeriesTBATime Bandits
17%
Short Film1991To the Moon, Alice
17%
Music Video1992True to the Game
17%
Web Series2016, 2019Unbreakable Kimmy Schmidt
17%
TV Show2011-2015Web Therapy
17%
Web Series2008-2014Web Therapy
17%
TV Show2013Wendell & Vinnie
17%
Documentary Series2010Who Do You Think You Are?
17%
Award Show19951995 VH1 Honors
0%
Award Show19991999 MTV Movie Awards
0%
Film1997Hacks
0%
Theater1998Ladies' Room
0%
Commercial2008Personal Trainer: Cooking
0%
Film2009Powder Blue
0%
Theater2010The Normal Heart
0%
Commercial2012-2013Yoplait
0%

Score Distribution

Percentile by Number Answered

Percent of People with Each Score

Your Score History

You have not taken this quiz since the last reset